书目信息 |
| 题名: |
童故事治疗
|
|
| 作者: | 布兰岱尔 著 ;林瑞堂 译 | |
| 分册: | ||
| 出版信息: | 成都 四川大学出版社 2005 |
|
| 页数: | 178页 | |
| 开本: | 22cm | |
| 丛书名: | 心理咨询系列丛书. 教育辅导系列 | |
| 单 册: | ||
| 中图分类: | R749.940.5 , R749.94 | |
| 科图分类: | ||
| 主题词: | 儿童--精神障碍--治疗 , 精神障碍 , 儿童 | |
| 电子资源: | ||
| ISBN: | 7-5614-3274-7 | |
| 000 | 01197nam0 2200313 450 | |
| 000 | 01180nam0 2200301 450 | |
| 000 | 01107nam0 2200277 450 | |
| 000 | 01071oam2 2200265 45 | |
| 005 | 20070727091901.94 | |
| 010 | @a7-5614-3274-7@dCNY25.00 | |
| 100 | @a20070708d2005 em y0chiy0120 ea | |
| 101 | 1 | @achi@aeng |
| 102 | @aCN@b510000 | |
| 105 | @aa z 000yy | |
| 200 | 1 | @a童故事治疗@ATong Gu Shi Zhi Liao@dOf mice and metaphors : Therapeutic storytelling with children@f(美)杰洛德·布兰岱尔(Jerrold Brandell)著@F( Mei ) Jie Luo De· Bu Lan Dai Er (Jerrold Brandell) Zhu@g林瑞堂译@zeng |
| 210 | @a成都@c四川大学出版社@d2005 | |
| 215 | @a178页@c图@d22cm | |
| 225 | 2 | @a心理咨询系列丛书. 教育辅导系列 |
| 330 | @a本书内容包括故事和互动说故事,叙事与其历史意义,特殊案例与童年问题,一个10岁男孩说的故事,说故事时的移情作用等。 | |
| 410 | 0 | @12001 @a心理咨询系列丛书. 教育辅导系列 |
| 606 | 0 | @a儿童@x精神障碍@x治疗 |
| 606 | @a精神障碍 | |
| 606 | 0 | @a儿童 |
| 690 | @aR749.940.5@v4 | |
| 690 | @aR749.94@v3 | |
| 701 | 1 | @c(美)@a布兰岱尔@ABu Lan Dai Er@g(Brandell, Jerrold)@4著 |
| 702 | 0 | @a林瑞堂@ALin Rui Tang@4译 |
| 801 | 0 | @aCN@bTAOJIN@c20070727 |
| 905 | @a10447@dR749.94@e48 | |
| 童故事治疗=Of mice and metaphors : Therapeutic storytelling with children/(美)杰洛德·布兰岱尔(Jerrold Brandell)著/林瑞堂译.-成都:四川大学出版社,2005 |
| 178页:图;22cm.-(心理咨询系列丛书. 教育辅导系列) |
| ISBN 7-5614-3274-7:CNY25.00 |
| 本书内容包括故事和互动说故事,叙事与其历史意义,特殊案例与童年问题,一个10岁男孩说的故事,说故事时的移情作用等。 |
| ● |
| 相关链接 |
|
|
|
|
正题名:童故事治疗
索取号:R749.94/48
 
预约/预借
| 序号 | 登录号 | 条形码 | 馆藏地/架位号 | 状态 | 备注 |
| 1 | 0820365 | 208203656 | 第二样本阅览室/ [索取号:R749.94/48] | 在馆 | |
| 2 | 0820366 | 208203665 | 第三借阅区/ [索取号:R749.94/48] | 在馆 | |
| 3 | 0820367 | 208203674 | 第三借阅区/ [索取号:R749.94/48] | 在馆 | |
| 4 | 0820368 | 208203683 | 教育系资料室/ [索取号:R749.94/48] | 在馆 | |
| 5 | 0820369 | 208203692 | 教育系资料室/ [索取号:R749.94/48] | 在馆 |